[Event "Skopje MKD"]
[Site "Skopje MKD"]
[Date "2014.03.29"]
[Round "1.88"]
[White "Radovanovic, Jovica"]
[Black "Rykov, Ivan"]
[Result "1-0"]
[WhiteElo "2372"]
[BlackElo "1783"]
[PlyCount "53"]
[EventDate "2014.03.29"]
[EventType "swiss"]
[EventRounds "9"]

1. Nf3 c5 2. g3 Nf6 3. Bg2 g6 4. c4 Bg7 5. d4 cxd4 6. Nxd4 O-O 7. O-O Nc6 8.
Nc3 Ng4 9. e3 Nge5 10. b3 d6 11. h3 a6 12. Rb1 Qc7 13. Nd5 Qd8 14. Bb2 e6 15.
Nxc6 Nxc6 16. Bxg7 Kxg7 17. Nc3 Qc7 18. Qd2 Rd8 19. Qb2 Ne5 20. Rbd1 f6 21. Ne4
Qe7 22. Rd2 a5 23. g4 Kg8 24. f4 f5 25. fxe5 fxe4 26. Qd4 d5 27. Bxe4 1-0

[Event "Skopje MKD"]
[Site "Skopje MKD"]
[Date "2014.03.29"]
[Round "1.90"]
[White "Codenotti, Marco"]
[Black "Can, Isik"]
[Result "1-0"]
[WhiteElo "2362"]
[BlackElo "1762"]
[PlyCount "67"]
[EventDate "2014.03.29"]
[EventType "swiss"]
[EventRounds "9"]

1. e4 e5 2. Nf3 Nc6 3. Bb5 a6 4. Ba4 Nf6 5. O-O Be7 6. Re1 b5 7. Bb3 d6 8. c3
O-O 9. d4 Bg4 10. d5 Na5 11. Bc2 c6 12. h3 Bc8 13. dxc6 Qc7 14. Nbd2 Nxc6 15.
Nf1 h6 16. Ne3 Be6 17. Nd5 Bxd5 18. exd5 Na5 19. Nh4 Rfe8 20. Nf5 Bf8 21. Qf3
Qd8 22. a3 Nc4 23. g4 Be7 24. g5 hxg5 25. Bxg5 Nxd5 26. Bh6 Bg5 27. Bxg7 Ne7
28. Qh5 Ng6 29. Kh1 Bf6 30. Rg1 Bxg7 31. Nxg7 Kxg7 32. Bxg6 fxg6 33. Rxg6+ Kf7
34. Qh7+ 1-0

[Event "Skopje MKD"]
[Site "Skopje MKD"]
[Date "2014.03.29"]
[Round "1.91"]
[White "Nikolovski, Martin"]
[Black "Cawdery, Daniel"]
[Result "0-1"]
[WhiteElo "1761"]
[BlackElo "2362"]
[PlyCount "48"]
[EventDate "2014.03.29"]
[EventType "swiss"]
[EventRounds "9"]

1. c4 Nf6 2. Nc3 d5 3. cxd5 Nxd5 4. g3 g6 5. Bg2 Nb6 6. d4 Bg7 7. e3 O-O 8.
Nge2 N8d7 9. b3 c5 10. dxc5 Nxc5 11. O-O Bg4 12. f3 Be6 13. Ba3 Rc8 14. Qc2 Nd5
15. Nxd5 Bxa1 16. Nxe7+ Qxe7 17. Rxa1 Qg5 18. f4 Qh5 19. Nd4 Nxb3 20. Qb2 Nxa1
21. Qxa1 Rfd8 22. Bxb7 Rc7 23. Bf3 Bg4 24. Bg2 Qa5 0-1

[Event "Skopje MKD"]
[Site "Skopje MKD"]
[Date "2014.03.29"]
[Round "1.92"]
[White "Draskovic, Luka"]
[Black "Arda, Cagil Irmak"]
[Result "1-0"]
[WhiteElo "2360"]
[BlackElo "1753"]
[PlyCount "27"]
[EventDate "2014.03.29"]
[EventType "swiss"]
[EventRounds "9"]

1. e4 c6 2. d4 d5 3. Nc3 dxe4 4. Nxe4 Nd7 5. Bc4 e6 6. Nf3 Ngf6 7. Nxf6+ Nxf6
8. Qe2 c5 9. Be3 Nd5 10. O-O-O Nxe3 11. Qxe3 cxd4 12. Rxd4 Qb6 13. Qg5 Bc5 14.
Bb5+ 1-0

[Event "Skopje MKD"]
[Site "Skopje MKD"]
[Date "2014.03.29"]
[Round "1.93"]
[White "Jovchev, Riste"]
[Black "Nikolov, Sasho"]
[Result "0-1"]
[WhiteElo "1749"]
[BlackElo "2358"]
[PlyCount "108"]
[EventDate "2014.03.29"]
[EventType "swiss"]
[EventRounds "9"]

1. e4 c6 2. d4 d5 3. exd5 cxd5 4. Bd3 Nc6 5. c3 Qc7 6. h3 e5 7. dxe5 Nxe5 8.
Bb5+ Bd7 9. Bxd7+ Qxd7 10. Be3 Nc4 11. Qe2 O-O-O 12. Nf3 Re8 13. O-O Bc5 14.
Nd4 Bxd4 15. cxd4 Ne7 16. b3 Nxe3 17. fxe3 Nc6 18. Qd3 Re6 19. Nc3 Rhe8 20. Rf3
g6 21. Na4 Qe7 22. Re1 f5 23. Nc5 Re4 24. Qc3 Rxd4 25. Rc1 Rb4 26. Nxb7 Qxb7
27. Qxc6+ Qxc6 28. Rxc6+ Kd7 29. Ra6 Rb7 30. Kf2 Re6 31. Rxe6 Kxe6 32. Ke2 Ke5
33. Kd3 Rb4 34. g3 g5 35. Rf2 h5 36. Rg2 Re4 37. a3 d4 38. Re2 Kd5 39. Kd2 h4
40. gxh4 Rxh4 41. exd4 Kxd4 42. Rg2 Rxh3 43. Rxg5 f4 44. Rg7 Rh2+ 45. Ke1 a5
46. Re7 Rb2 47. b4 a4 48. Re2 Rb3 49. Ra2 Ke3 50. Ra1 f3 51. Kf1 Kf4 52. Kf2
Rb2+ 53. Kg1 Kg3 54. Kf1 Rh2 0-1

[Event "Skopje MKD"]
[Site "Skopje MKD"]
[Date "2014.03.29"]
[Round "1.94"]
[White "Klasan, Vladimir"]
[Black "Zhezhov, Emil"]
[Result "1-0"]
[WhiteElo "2345"]
[BlackElo "1746"]
[PlyCount "43"]
[EventDate "2014.03.29"]
[EventType "swiss"]
[EventRounds "9"]

1. e4 e6 2. d4 b6 3. Nc3 Bb7 4. Nf3 d6 5. Bd3 Nd7 6. O-O g6 7. Bf4 Bg7 8. e5
Bxf3 9. Qxf3 d5 10. Bb5 Ne7 11. Bg5 O-O 12. Qh3 Nxe5 13. dxe5 Bxe5 14. Rfe1
Bxc3 15. Qxc3 Qd6 16. Qf6 Nf5 17. g4 h6 18. gxf5 hxg5 19. fxe6 Qc5 20. Bc6 fxe6
21. Qxg6+ Kh8 22. Re3 1-0

[Event "Skopje MKD"]
[Site "Skopje MKD"]
[Date "2014.03.29"]
[Round "1.95"]
[White "Tevdovski, Zoran"]
[Black "Tesik, Csaba"]
[Result "0-1"]
[WhiteElo "1743"]
[BlackElo "2344"]
[PlyCount "58"]
[EventDate "2014.03.29"]
[EventType "swiss"]
[EventRounds "9"]

1. d4 Nf6 2. Bf4 g6 3. Nf3 Bg7 4. e3 d6 5. h3 O-O 6. Nbd2 c5 7. c3 Nbd7 8. Be2
b6 9. O-O Bb7 10. Rc1 Re8 11. Ne1 Rc8 12. Bf3 Qc7 13. Bxb7 Qxb7 14. Nef3 b5 15.
Rb1 e5 16. dxe5 dxe5 17. Bh2 e4 18. Ne1 Rcd8 19. Qe2 Ne5 20. Bxe5 Rxe5 21. c4
bxc4 22. Nxc4 Red5 23. Qc2 Qd7 24. f3 Qe6 25. b3 h6 26. f4 h5 27. Kh2 h4 28.
Kg1 Nh5 29. Kh2 Ng3 0-1

[Event "Skopje MKD"]
[Site "Skopje MKD"]
[Date "2014.03.29"]
[Round "1.96"]
[White "Vucinic, Gojko"]
[Black "Gaberov, Toshe"]
[Result "1-0"]
[WhiteElo "2343"]
[BlackElo "1731"]
[PlyCount "62"]
[EventDate "2014.03.29"]
[EventType "swiss"]
[EventRounds "9"]

1. e4 d5 2. exd5 Qxd5 3. Nc3 Qa5 4. d4 Nf6 5. Bc4 Nc6 6. Nge2 Bg4 7. f3 Bd7 8.
Bd2 Qb4 9. b3 a6 10. Nb5 axb5 11. Bxb4 Nxb4 12. Bd3 g6 13. O-O Bg7 14. c3 Nbd5
15. Qd2 O-O 16. c4 bxc4 17. bxc4 Nb6 18. Nc3 Na4 19. Nxa4 Rxa4 20. Rab1 b6 21.
Rb4 Ra3 22. Bb1 Rfa8 23. Re1 Bf5 24. Bxf5 gxf5 25. Rb2 c5 26. dxc5 bxc5 27.
Rxe7 Nh5 28. Qg5 Kh8 29. Rbe2 Bd4+ 30. Kh1 Ng7 31. Rxf7 Rb8 1-0

[Event "Skopje MKD"]
[Site "Skopje MKD"]
[Date "2014.03.29"]
[Round "1.97"]
[White "Nikolov, Kole"]
[Black "Dinev, Dejan"]
[Result "0-1"]
[WhiteElo "1718"]
[BlackElo "2342"]
[PlyCount "94"]
[EventDate "2014.03.29"]
[EventType "swiss"]
[EventRounds "9"]

1. e4 c5 2. d3 Nc6 3. Be2 d5 4. Nd2 Nf6 5. f4 e5 6. fxe5 Nxe5 7. Ngf3 Neg4 8.
Nb3 dxe4 9. dxe4 Qxd1+ 10. Bxd1 Nxe4 11. O-O Be6 12. h3 Ngf6 13. Re1 Bd6 14.
Nbd2 Nxd2 15. Bxd2 Bg3 16. Re2 O-O-O 17. b3 Rd7 18. Be1 Bf4 19. Bf2 Rhd8 20.
Re1 b6 21. Be2 Nd5 22. Bb5 Rd6 23. Ba6+ Kb8 24. a3 Nc7 25. Bd3 Bxb3 26. Rab1
Rxd3 27. cxd3 Rxd3 28. Re4 Bd6 29. Re3 Rxe3 30. Bxe3 Bd5 31. a4 Bxf3 32. gxf3
Kb7 33. Kf2 Kc6 34. Ke2 g6 35. h4 h5 36. Kd3 Nd5 37. Bd2 a6 38. Rc1 b5 39.
axb5+ axb5 40. Ra1 c4+ 41. Kc2 b4 42. Ra6+ Kc5 43. Ra7 b3+ 44. Kc1 Kd4 45. Kb2
Be5 46. f4 Bf6 47. Rxf7 Kd3+ 0-1

[Event "Skopje MKD"]
[Site "Skopje MKD"]
[Date "2014.03.29"]
[Round "1.98"]
[White "Nikolova, Adriana"]
[Black "Petrovic, Lazar"]
[Result "1-0"]
[WhiteElo "2341"]
[BlackElo "1707"]
[PlyCount "77"]
[EventDate "2014.03.29"]
[EventType "swiss"]
[EventRounds "9"]

1. e4 e5 2. Nf3 Nc6 3. Bb5 Nf6 4. O-O d6 5. d4 a6 6. Bxc6+ bxc6 7. dxe5 dxe5 8.
Qxd8+ Kxd8 9. Nxe5 Ke8 10. Nxc6 Bb7 11. e5 Bxc6 12. exf6 gxf6 13. Bf4 Bd6 14.
Bxd6 cxd6 15. Nc3 Rg8 16. g3 Kd7 17. Rad1 Rab8 18. b3 Kc7 19. Rd4 Rgd8 20. Rf4
Rf8 21. Rxf6 Rbd8 22. Rd1 Rd7 23. Rd4 Rdd8 24. Kf1 Rd7 25. Ke2 Rfd8 26. Kd2 Rf8
27. a4 Rfd8 28. Rh4 Rh8 29. Rfh6 Rdd8 30. Rxh7 Rxh7 31. Rxh7 Rd7 32. Kd3 f5 33.
Rxd7+ Kxd7 34. Ke3 Ke6 35. Kf4 Be8 36. Ne2 Bh5 37. Nd4+ Kd7 38. Nxf5 Bg6 39. h4
1-0

[Event "Skopje MKD"]
[Site "Skopje MKD"]
[Date "2014.03.29"]
[Round "1.99"]
[White "Minko, Dmitry"]
[Black "Atakisi, Umut"]
[Result "1/2-1/2"]
[WhiteElo "1703"]
[BlackElo "2340"]
[PlyCount "87"]
[EventDate "2014.03.29"]
[EventType "swiss"]
[EventRounds "9"]

1. e4 c5 2. Nf3 d6 3. d4 cxd4 4. Nxd4 Nf6 5. Nc3 Nc6 6. Be3 Ng4 7. Bg5 h6 8.
Bh4 g5 9. Bg3 Bg7 10. Bb5 Qb6 11. Nde2 Be6 12. Qd2 h5 13. h3 h4 14. hxg4 hxg3
15. Rxh8+ Bxh8 16. fxg3 O-O-O 17. O-O-O Bf6 18. Qe1 Bxg4 19. Bxc6 bxc6 20. Rd3
Bxe2 21. Qxe2 Rh8 22. Nd1 Rh1 23. Rb3 Qa5 24. Qc4 Kc7 25. c3 Qc5 26. Qe2 Rh8
27. Qg4 a5 28. Qe2 Rb8 29. Rxb8 Kxb8 30. Qc2 Kc7 31. Qb3 e6 32. Qc2 Qe5 33. Qa4
Qb5 34. Qc2 Qc5 35. Qe2 Be5 36. Qh5 Qc4 37. Qxf7+ Kb6 38. Qf2+ c5 39. Qe3 a4
40. Kc2 Qxa2 41. Qxg5 Qc4 42. Qd8+ Kb7 43. Qd7+ Kb6 44. Qd8+ 1/2-1/2

[Event "Skopje MKD"]
[Site "Skopje MKD"]
[Date "2014.03.29"]
[Round "1.100"]
[White "Yildiz, Betul Cemre"]
[Black "Uzumcu, Ahmet Utku"]
[Result "1/2-1/2"]
[WhiteElo "2337"]
[BlackElo "1681"]
[PlyCount "89"]
[EventDate "2014.03.29"]
[EventType "swiss"]
[EventRounds "9"]

1. d4 Nf6 2. Nf3 g6 3. Nbd2 d5 4. e3 Bg7 5. b4 c6 6. c4 a5 7. b5 a4 8. Ba3 O-O
9. bxc6 Nxc6 10. Rb1 Re8 11. Be2 Qc7 12. O-O h6 13. cxd5 Nxd5 14. Qc2 g5 15.
Rfc1 g4 16. Nh4 e5 17. Nf5 exd4 18. Nxg7 Kxg7 19. Qc5 dxe3 20. Qxd5 exf2+ 21.
Kh1 Rxe2 22. Bb2+ Kg8 23. Ne4 Rxb2 24. Nf6+ Kh8 25. Rxb2 Qf4 26. Rf1 Qxf6 27.
Rbxf2 Be6 28. Qxc6 bxc6 29. Rxf6 Kg7 30. R6f2 Ra5 31. Rc1 c5 32. Re2 a3 33.
Rec2 c4 34. Rc3 Kf6 35. Re1 Ra4 36. Kg1 Bf5 37. Kf2 Bd3 38. Re8 Ra5 39. Kg3 h5
40. Kf4 Kg6 41. Kg3 Kf6 42. Kf4 Bf1 43. Kg3 Bd3 44. Kf4 Bf1 45. Kg3 1/2-1/2

[Event "Skopje MKD"]
[Site "Skopje MKD"]
[Date "2014.03.29"]
[Round "1.101"]
[White "Okuyaz, Duru"]
[Black "Dimitrov, Pavel"]
[Result "0-1"]
[WhiteElo "1678"]
[BlackElo "2333"]
[PlyCount "86"]
[EventDate "2014.03.29"]
[EventType "swiss"]
[EventRounds "9"]

1. e4 e5 2. Nf3 Nc6 3. Bb5 a6 4. Ba4 Nf6 5. O-O b5 6. Bb3 Be7 7. d4 d6 8. c3
O-O 9. Re1 Bg4 10. d5 Na5 11. Nbd2 Nxb3 12. axb3 c6 13. dxc6 Qc8 14. Nf1 Qxc6
15. Ng3 h6 16. h3 Be6 17. Nh4 Rfe8 18. Nhf5 Bf8 19. Nh5 Nxh5 20. Qxh5 Kh7 21.
Qh4 Bxb3 22. Re3 Re6 23. Rg3 Rg6 24. Rxg6 fxg6 25. Ne3 Be6 26. Ng4 Kg8 27. Be3
g5 28. Qg3 Qxe4 29. f3 Qd3 30. Re1 Be7 31. Bf2 Rf8 32. Ne3 Qd2 33. Nd1 Qf4 34.
Qxf4 gxf4 35. b4 Rc8 36. Re2 Bb3 37. Rd2 d5 38. Rd3 e4 39. fxe4 dxe4 40. Rd7
Bf6 41. Bd4 Bxd4+ 42. Rxd4 Bxd1 43. Rxd1 Rxc3 0-1

[Event "Skopje MKD"]
[Site "Skopje MKD"]
[Date "2014.03.29"]
[Round "1.102"]
[White "Emiroglu, Cankut"]
[Black "Silivri, Volkan Resat"]
[Result "1-0"]
[WhiteElo "2328"]
[BlackElo "1670"]
[PlyCount "21"]
[EventDate "2014.03.29"]
[EventType "swiss"]
[EventRounds "9"]

1. e4 d5 2. exd5 Qxd5 3. Nc3 Qa5 4. d4 Nf6 5. Nf3 Nc6 6. d5 Nb4 7. Bd2 Nbxd5 8.
Bb5+ Kd8 9. Bc4 Qc5 10. Bxd5 Nxd5 11. Be3 1-0

[Event "Skopje MKD"]
[Site "Skopje MKD"]
[Date "2014.03.29"]
[Round "1.103"]
[White "Lakinska, Simona"]
[Black "Aharon, Ofir"]
[Result "0-1"]
[WhiteElo "1642"]
[BlackElo "2316"]
[PlyCount "124"]
[EventDate "2014.03.29"]
[EventType "swiss"]
[EventRounds "9"]

1. e4 c5 2. Nc3 g6 3. f4 Bg7 4. Nf3 Nc6 5. Bc4 e6 6. O-O Nge7 7. d3 d5 8. Bb5
O-O 9. Bxc6 Nxc6 10. Qe1 Rb8 11. e5 b5 12. Ne2 b4 13. Be3 Qe7 14. Qf2 Rb5 15.
a4 bxa3 16. bxa3 d4 17. Bd2 Rb2 18. Rfc1 Bb7 19. Rab1 Ra2 20. Ra1 Rxa1 21. Rxa1
Qd7 22. Ng5 Ne7 23. Ng3 Qa4 24. Be1 Qb5 25. a4 Qb2 26. Rd1 Nf5 27. Nxf5 gxf5
28. Qd2 Bc6 29. a5 h6 30. Nf3 Bxf3 31. gxf3 Rb8 32. Qc1 Qa2 33. Qd2 Rb2 34. Rc1
Kh7 35. Kf1 f6 36. Bg3 Kg8 37. Qg2 Kh7 38. Qd2 a6 39. Kg2 Rb5 40. exf6 Bxf6 41.
Be1 Bd8 42. Kf1 Bxa5 43. Qe2 Bc7 44. Bg3 a5 45. c4 Qxe2+ 46. Kxe2 Rb2+ 47. Kd1
Rb3 48. Kc2 a4 49. Re1 Rc3+ 50. Kd2 Ba5 51. Rxe6 Rxc4+ 52. Ke2 a3 53. Re7+ Kg6
54. dxc4 a2 55. Be1 a1=Q 56. Bxa5 Qxa5 57. Re6+ Kf7 58. Re5 Qa2+ 59. Kd3 Qb3+
60. Kd2 Qc3+ 61. Kd1 Qa1+ 62. Ke2 Qb2+ 0-1

[Event "Skopje MKD"]
[Site "Skopje MKD"]
[Date "2014.03.29"]
[Round "1.104"]
[White "Marjanovic, Dejan"]
[Black "Manova, Ivana"]
[Result "1/2-1/2"]
[WhiteElo "2313"]
[BlackElo "1589"]
[PlyCount "121"]
[EventDate "2014.03.29"]
[EventType "swiss"]
[EventRounds "9"]

1. d4 d5 2. Nf3 Nf6 3. c4 c6 4. Qc2 e6 5. g3 Bd6 6. Bg2 O-O 7. Nbd2 Nbd7 8. O-O
Re8 9. Rd1 e5 10. dxe5 Nxe5 11. Nxe5 Bxe5 12. Nf3 Qa5 13. Bd2 Qc5 14. Nxe5 Rxe5
15. Bf4 Re8 16. b3 dxc4 17. e4 Bg4 18. Re1 Rad8 19. Rac1 Nd7 20. Qxc4 Qxc4 21.
Rxc4 Ne5 22. Bxe5 Rxe5 23. f4 Ra5 24. h3 Be6 25. Rc2 f6 26. Kf2 Kf7 27. Ke3 Ke7
28. g4 Rb5 29. Bf1 Rb4 30. Bc4 Bxc4 31. Rxc4 Rxc4 32. bxc4 b5 33. cxb5 cxb5 34.
Rc1 a6 35. Rc6 Rd6 36. Rc7+ Rd7 37. Rc8 Rd1 38. Rc7+ Rd7 39. Rc3 Rd1 40. Ra3
Rd6 41. Rc3 Kd7 42. e5 fxe5 43. fxe5 Rd1 44. Ke4 Re1+ 45. Kd5 Rd1+ 46. Kc5 Re1
47. Kb6 Rxe5 48. Rc7+ Kd8 49. Rxg7 Re6+ 50. Kc5 Rh6 51. Ra7 Rxh3 52. Rxa6 Rg3
53. Ra8+ Kc7 54. Ra7+ Kb8 55. Rg7 h5 56. g5 h4 57. Kb6 Kc8 58. Kxb5 Rg1 59. a4
h3 60. Rh7 Rxg5+ 61. Ka6 1/2-1/2

[Event "Skopje MKD"]
[Site "Skopje MKD"]
[Date "2014.03.29"]
[Round "1.105"]
[White "Grabcheva, Natalia"]
[Black "Radovanovic, Nikola"]
[Result "0-1"]
[WhiteElo "1566"]
[BlackElo "2308"]
[PlyCount "100"]
[EventDate "2014.03.29"]
[EventType "swiss"]
[EventRounds "9"]

1. Nf3 Nf6 2. b3 g6 3. Bb2 Bg7 4. e3 O-O 5. d4 d6 6. g3 c6 7. Bg2 Qc7 8. O-O
Re8 9. c4 Nbd7 10. Nbd2 e5 11. Ng5 d5 12. cxd5 cxd5 13. dxe5 Nxe5 14. Ndf3 Nc6
15. Nd4 Bg4 16. Qc1 Rac8 17. Nxc6 bxc6 18. Qd2 h6 19. Nf3 c5 20. h3 Bf5 21.
Rad1 Be4 22. Nh2 Bxg2 23. Kxg2 Qb7 24. Nf3 Ne4 25. Qc2 Bxb2 26. Qxb2 Red8 27.
Qc2 d4 28. Qd3 Ng5 29. exd4 Rxd4 30. Qe2 Re4 31. Qd3 Rd4 32. Qe2 Rcd8 33. Rxd4
cxd4 34. h4 d3 35. Qe3 Ne6 36. Kh2 Qd5 37. Nd2 a5 38. Qxh6 Rc8 39. Qe3 Rc2 40.
a4 Nd4 41. Rd1 Rxd2 42. Rxd2 Nf3+ 43. Kh3 Nxd2 44. Qxd2 Qh1+ 45. Kg4 Qe4+ 46.
Kh3 Qe2 47. Qxa5 d2 48. Qd8+ Kh7 49. Qc7 Qf1+ 50. Kh2 Qxf2+ 0-1

[Event "Skopje MKD"]
[Site "Skopje MKD"]
[Date "2014.03.29"]
[Round "1.106"]
[White "Toth, Aleksandar"]
[Black "Veljanoski, Andrej"]
[Result "1-0"]
[WhiteElo "2306"]
[BlackElo "1531"]
[PlyCount "77"]
[EventDate "2014.03.29"]
[EventType "swiss"]
[EventRounds "9"]

1. e4 e5 2. Nf3 Nc6 3. Bc4 Nf6 4. d3 Bc5 5. c3 d6 6. Bb3 Qe7 7. h3 h6 8. Nbd2
O-O 9. O-O Be6 10. Bc2 Qd7 11. Nc4 Nxe4 12. Ncxe5 Nxf2 13. Nxd7 Nxd1+ 14. Nxc5
dxc5 15. Rxd1 Rad8 16. Be3 b6 17. Bf4 Rc8 18. d4 cxd4 19. Nxd4 Nxd4 20. Rxd4
Rfe8 21. a4 g5 22. Bg3 f5 23. a5 Kf7 24. a6 f4 25. Bf2 Rcd8 26. Ba4 Rf8 27.
Rad1 Ke7 28. Bc6 Rxd4 29. Rxd4 Rf5 30. b4 Rf6 31. b5 Rf5 32. g4 Re5 33. Re4
Rxe4 34. Bxe4 Bc4 35. Bc6 Bd3 36. Bd4 Bg6 37. Be5 Kd8 38. Bg7 h5 39. Bf6+ 1-0

[Event "Skopje MKD"]
[Site "Skopje MKD"]
[Date "2014.03.29"]
[Round "1.108"]
[White "Basso, Pier Luigi"]
[Black "Kosteski, Mile"]
[Result "1-0"]
[WhiteElo "2304"]
[BlackElo "1452"]
[PlyCount "41"]
[EventDate "2014.03.29"]
[EventType "swiss"]
[EventRounds "9"]

1. d4 d5 2. c4 c6 3. cxd5 cxd5 4. Nc3 Nc6 5. Bf4 Nf6 6. e3 e6 7. Bd3 Be7 8. Nf3
O-O 9. Ne5 Bd7 10. Qf3 Rc8 11. O-O Kh8 12. Qh3 Be8 13. Bg5 g6 14. f4 Ng8 15.
Bxe7 Qxe7 16. Nxd5 Qd8 17. Nc3 Nxe5 18. fxe5 Kg7 19. Ne4 Rc7 20. Nf6 Bc6 21.
Qxh7# 1-0

[Event "Skopje MKD"]
[Site "Skopje MKD"]
[Date "2014.03.29"]
[Round "1.109"]
[White "Arda, Doga Su"]
[Black "Papp, Petra"]
[Result "0-1"]
[WhiteElo "1367"]
[BlackElo "2302"]
[PlyCount "50"]
[EventDate "2014.03.29"]
[EventType "swiss"]
[EventRounds "9"]

1. e4 c5 2. Nf3 d6 3. c3 Nf6 4. Be2 Bd7 5. Qc2 Qc7 6. O-O g6 7. d3 Bg7 8. Bg5
h6 9. Bh4 g5 10. Bg3 Nh5 11. Nbd2 O-O 12. h3 Nxg3 13. fxg3 Nc6 14. Nb3 f5 15.
Nfd2 Be5 16. exf5 Bxg3 17. Rf3 Bf4 18. g3 Bxd2 19. Qxd2 Rxf5 20. Kf2 Ne5 21.
Rxf5 Bxf5 22. g4 Bxd3 23. Kf1 Bxe2+ 24. Qxe2 Rf8+ 25. Kg2 Qc6+ 0-1

[Event "SSkopje MKD"]
[Site "SSkopje MKD"]
[Date "2014.03.30"]
[Round "2.2"]
[White "Iturrizaga Bonelli, Eduardo"]
[Black "Karavade, Eesha"]
[Result "1-0"]
[WhiteElo "2645"]
[BlackElo "2408"]
[PlyCount "97"]
[EventDate "2014.03.29"]
[EventType "swiss"]
[EventRounds "9"]

1. Nf3 Nf6 2. c4 e6 3. Nc3 d5 4. d4 Bb4 5. Bg5 h6 6. Bxf6 Qxf6 7. e3 O-O 8. Rc1
dxc4 9. Bxc4 c5 10. O-O cxd4 11. Nxd4 Qe7 12. Ne4 Nd7 13. a3 Ba5 14. Qh5 Bb6
15. Rfd1 a6 16. Ba2 Nf6 17. Qh4 Bd8 18. Nf3 b5 19. Nc5 Bb7 20. Ne5 Bd5 21. Bxd5
Nxd5 22. Qe4 Re8 23. Nc6 Qg5 24. g3 Bf6 25. Qc2 Be7 26. Nd7 Qh5 27. e4 Nf6 28.
Nde5 Ng4 29. Nxg4 Qxg4 30. Kg2 Bg5 31. f3 Qh5 32. f4 Bf6 33. e5 Be7 34. Qe4 Bf8
35. Rd7 Rac8 36. Rc2 g5 37. fxg5 hxg5 38. Rf2 Qg6 39. Qxg6+ fxg6 40. Rc2 Kh8
41. Kf3 Bg7 42. Kg4 Bxe5 43. Kxg5 Bxb2 44. Kh6 Rxc6 45. Rxc6 Bxa3 46. Rxa6 Bc1+
47. Kxg6 Rg8+ 48. Kf6 Bg5+ 49. Ke5 1-0

[Event "SSkopje MKD"]
[Site "SSkopje MKD"]
[Date "2014.03.30"]
[Round "2.4"]
[White "Delchev, Aleksander"]
[Black "Cabrilo, Goran"]
[Result "1-0"]
[WhiteElo "2638"]
[BlackElo "2406"]
[PlyCount "47"]
[EventDate "2014.03.29"]
[EventType "swiss"]
[EventRounds "9"]

1. Nf3 Nf6 2. c4 g6 3. Nc3 Bg7 4. e4 O-O 5. d4 c6 6. Be2 d5 7. e5 Ne4 8. h4 Bg4
9. h5 Bxf3 10. Bxf3 Nxc3 11. bxc3 e6 12. Rb1 Nd7 13. hxg6 hxg6 14. cxd5 cxd5
15. Rxb7 Nb6 16. Qd3 Qc8 17. Re7 Qc4 18. Qxc4 Nxc4 19. Be2 Rfc8 20. Rh3 Bf8 21.
Bg5 Bxe7 22. Bxe7 f5 23. exf6 Rab8 24. Bd3 1-0

[Event "SSkopje MKD"]
[Site "SSkopje MKD"]
[Date "2014.03.30"]
[Round "2.5"]
[White "Petrisor, Adrian Marian"]
[Black "Romanov, Evgeny"]
[Result "0-1"]
[WhiteElo "2406"]
[BlackElo "2636"]
[PlyCount "118"]
[EventDate "2014.03.29"]
[EventType "swiss"]
[EventRounds "9"]

1. c4 g6 2. Nf3 Bg7 3. d4 d6 4. g3 c5 5. dxc5 Qa5+ 6. Bd2 Qxc5 7. Qb3 Nc6 8.
Nc3 Nf6 9. Nd5 O-O 10. Be3 Qa5+ 11. Bd2 Qc5 12. Be3 Qa5+ 13. Bd2 Qd8 14. Bc3
Be6 15. Ng5 Nxd5 16. cxd5 Bxc3+ 17. bxc3 Na5 18. Qd1 Bf5 19. h4 h6 20. Nf3 Qc7
21. Rc1 Be4 22. Qd2 h5 23. Qh6 Bxf3 24. exf3 Qc5 25. Qg5 Kg7 26. Bd3 Nc4 27. f4
Nb2 28. Bb1 Qc4 29. g4 Nd3+ 30. Bxd3 Qxd3 31. gxh5 Rac8 32. hxg6 Qe4+ 33. Kd2
f6 34. Qg3 Qxd5+ 35. Qd3 Qxd3+ 36. Kxd3 Kxg6 37. Rce1 Rf7 38. Rb1 b6 39. Rb5
Rh7 40. a4 Rh5 41. Rg1+ Kh6 42. Rxh5+ Kxh5 43. Rg7 Rc7 44. Ke4 Kh6 45. Rg3 Rc5
46. Rg8 f5+ 47. Kd4 Ra5 48. c4 e5+ 49. fxe5 dxe5+ 50. Kd3 Rxa4 51. Rg5 e4+ 52.
Kd4 Ra5 53. Rg8 Kh5 54. Rh8+ Kg4 55. h5 Kf3 56. h6 f4 57. Re8 Rh5 58. Re6 Rh2
59. Rxe4 Rxh6 0-1

[Event "SSkopje MKD"]
[Site "SSkopje MKD"]
[Date "2014.03.30"]
[Round "2.6"]
[White "Ivanisevic, Ivan"]
[Black "Westerberg, Jonathan"]
[Result "1-0"]
[WhiteElo "2633"]
[BlackElo "2402"]
[PlyCount "99"]
[EventDate "2014.03.29"]
[EventType "swiss"]
[EventRounds "9"]

1. d4 c5 2. dxc5 e6 3. Nc3 Bxc5 4. Ne4 Nf6 5. Nd6+ Ke7 6. Nxc8+ Qxc8 7. Nf3 Qc7
8. g3 Qb6 9. e3 d5 10. Bg2 Nc6 11. O-O Rhe8 12. a3 a5 13. b3 Kf8 14. Bb2 e5 15.
Nh4 Rad8 16. Kh1 Kg8 17. Rb1 Qa6 18. Qd3 Qxd3 19. cxd3 d4 20. e4 Na7 21. Rbc1
b6 22. Bh3 Nb5 23. a4 Na7 24. f4 Nc6 25. Ba3 Bxa3 26. Rxc6 exf4 27. gxf4 Bc5
28. Nf3 Nh5 29. Nd2 Rd6 30. Rxd6 Bxd6 31. e5 Bb4 32. Nc4 Rb8 33. Bg4 g6 34.
Bxh5 gxh5 35. Rg1+ Kf8 36. f5 Ke7 37. Rg7 b5 38. axb5 Rxb5 39. Kg2 h6 40. Kf3
Kf8 41. f6 Bc5 42. Ke4 Rxb3 43. e6 fxe6 44. Ne5 Ba3 45. Ng6+ Ke8 46. f7+ Kd8
47. f8=Q+ Bxf8 48. Nxf8 e5 49. Ne6+ Kc8 50. Rg8+ 1-0

[Event "SSkopje MKD"]
[Site "SSkopje MKD"]
[Date "2014.03.30"]
[Round "2.7"]
[White "Rozentalis, Eduardas"]
[Black "Kojovic, Dragan"]
[Result "1-0"]
[WhiteElo "2623"]
[BlackElo "2387"]
[PlyCount "71"]
[EventDate "2014.03.29"]
[EventType "swiss"]
[EventRounds "9"]

1. e4 c6 2. Nc3 d5 3. Nf3 Bg4 4. h3 Bxf3 5. Qxf3 e6 6. d3 Nf6 7. a3 Be7 8. g3
O-O 9. Bg2 Na6 10. O-O Nc7 11. Qe2 Nd7 12. f4 f5 13. Bd2 a5 14. Rae1 Bc5+ 15.
Kh2 a4 16. Nd1 Nf6 17. Nf2 Qd7 18. g4 Qf7 19. Bc3 Nd7 20. gxf5 exf5 21. exd5
Nxd5 22. Bxd5 Qxd5 23. Rg1 g6 24. Qh5 Qf7 25. Rxg6+ Qxg6 26. Rg1 Kf7 27. Rxg6
hxg6 28. Qh7+ Ke6 29. Qxg6+ Nf6 30. Ne4 fxe4 31. dxe4 Be3 32. f5+ Ke7 33. Qg7+
Ke8 34. Bxf6 Bf4+ 35. Kh1 Rf7 36. Qg8+ 1-0

[Event "SSkopje MKD"]
[Site "SSkopje MKD"]
[Date "2014.03.30"]
[Round "2.8"]
[White "Dancevski, Orce"]
[Black "Tkachiev, Vladislav"]
[Result "0-1"]
[WhiteElo "2388"]
[BlackElo "2623"]
[PlyCount "54"]
[EventDate "2014.03.29"]
[EventType "swiss"]
[EventRounds "9"]

1. d4 Nf6 2. c4 g6 3. Nc3 Bg7 4. e4 d6 5. Nf3 O-O 6. h3 Na6 7. Be3 c6 8. Nd2
Nd7 9. g4 c5 10. d5 e6 11. a3 Nc7 12. Be2 exd5 13. exd5 Qe7 14. Nde4 f5 15.
gxf5 gxf5 16. Nxc5 f4 17. Nxd7 Bxd7 18. Bd4 f3 19. Rg1 Ne8 20. Qd2 fxe2 21.
Nxe2 Bf5 22. O-O-O Bg6 23. Bxg7 Rxf2 24. Bd4 Rxe2 25. Qh6 Qe4 26. Rxg6+ Qxg6
27. Rg1 Re1+ 0-1

[Event "SSkopje MKD"]
[Site "SSkopje MKD"]
[Date "2014.03.30"]
[Round "2.9"]
[White "Markus, Robert"]
[Black "Posedaru, Bogdan Stefan"]
[Result "1-0"]
[WhiteElo "2608"]
[BlackElo "2381"]
[PlyCount "73"]
[EventDate "2014.03.29"]
[EventType "swiss"]
[EventRounds "9"]

1. d4 d5 2. c4 c6 3. Nf3 e6 4. Nbd2 f5 5. g3 Nf6 6. Bg2 Bd6 7. O-O Nbd7 8. b3
O-O 9. Bb2 b6 10. Ne5 Bb7 11. Rc1 Rc8 12. e3 Qe7 13. Qe2 Ne4 14. Nd3 a5 15. Nf3
Ba6 16. Rc2 a4 17. Rfc1 a3 18. Ba1 c5 19. Qe1 Bc7 20. dxc5 bxc5 21. Nfe5 Nxe5
22. Nxe5 Bb6 23. b4 cxb4 24. cxd5 exd5 25. Nc6 Qd6 26. Be5 Qe6 27. Qxb4 Bc4 28.
Ne7+ Kh8 29. Nxc8 Bc5 30. Qa5 Rxc8 31. Bd4 Bxd4 32. exd4 Qf6 33. Bf1 Nd6 34.
Qxa3 Nb5 35. Qb2 Nxd4 36. Bxc4 Nf3+ 37. Kg2 1-0